000 004660000a22001570004500
003 MACL
005 20170908152428.0
008 170908b xxu||||| |||| 00| 0 eng d
040 _cmacl
100 _a वर्मा,लक्ष्‍मीकांत
_969056
245 _aनीम के फूल
260 _a कौशिक प्रकाशन
_c2009
350 _a175
650 _a कहानियां,
_933092
942 _cHIN
_k891.433/VER
_2ddc
999 _c46873
_d46873